[Event "Barcelona Tres Peons op 14th"]
[Site "Barcelona"]
[Date "2012.01.27"]
[Round "3"]
[White "Subirana Bonet, Daniel"]
[Black "Mut Company, Guillem Joan"]
[Result "1-0"]
[WhiteElo "2100"]
[BlackElo "1875"]
[PlyCount "49"]
[EventDate "2012.01.13"]
[EventType "swiss"]
[EventRounds "9"]
[EventCountry "ESP"]
[SourceTitle "EXT 2013"]
[Source "ChessBase"]
[SourceDate "2012.11.22"]
[SourceVersion "1"]
[SourceVersionDate "2012.11.22"]
[SourceQuality "1"]

1. e4 Nc6 2. Nf3 e5 3. Bb5 a6 4. Ba4 d6 5. d4 b5 6. Bb3 Nxd4 7. Nxd4 exd4 8. a4 Rb8 9. 0-0 Nf6 10. Qxd4 c5 11. Qe3 c4 12. Ba2 Be6 13. Nc3 Be7 14. Bd2 0-0 15. Rad1 Qd7 16. axb5 axb5 17. Ne2 Ng4 18. Qg3 h5 19. Bc3 h4 20. Qf3 Qa7 21. Bb1 f5 22. Nd4 fxe4 23. Qxe4 Bc8 24. Nc6 Qc5 25. Nxe7+ 1-0

[Event "Girona op 2nd"]
[Site "Girona"]
[Date "2011.07.22"]
[Round "9"]
[White "Subirana Bonet, Daniel"]
[Black "Mundet Riera, Jaume"]
[Result "1/2-1/2"]
[WhiteElo "2007"]
[BlackElo "2125"]
[PlyCount "110"]
[EventDate "2011.07.14"]
[EventType "swiss"]
[EventRounds "9"]
[EventCountry "ESP"]
[SourceTitle "CBM 143 Extra"]
[Source "ChessBase"]
[SourceDate "2011.08.29"]
[SourceVersion "1"]
[SourceVersionDate "2011.08.29"]
[SourceQuality "1"]

1. e4 d6 2. d4 Nf6 3. Nc3 e5 4. Nf3 Nbd7 5. Bc4 Be7 6. 0-0 0-0 7. Re1 c6 8. a4 Qc7 9. a5 Rb8 10. h3 b5 11. Bf1 a6 12. Bg5 Re8 13. Bh4 Bf8 14. dxe5 dxe5 15. Nd2 Re6 16. g4 h6 17. Nb3 Nc5 18. Nxc5 Bxc5 19. Qf3 Bb7 20. Nd1 Bb4 21. c3 Bxa5 22. Ne3 Bb6 23. Nf5 Nh7 24. Rad1 Ng5 25. Bxg5 hxg5 26. Rd3 Rd8 27. Red1 Rxd3 28. Qxd3 g6 29. Qd7 Bc8 30. Qd2 f6 31. Nd6 Bc5 32. Nxc8 Qxc8 33. Qd7 Qxd7 34. Rxd7 Rd6 35. Rxd6 Bxd6 36. Bd3 Kf7 37. Kf1 Bc5 38. Ke2 Ke7 39. f3 Bb6 40. Bc2 c5 41. b3 Kd6 42. Kd3 Bd8 43. Bd1 Ke6 44. Bc2 f5 45. Bd1 f4 46. Bc2 Kd6 47. Bd1 Kc6 48. Bc2 Kb6 49. Bd1 Be7 50. Bc2 a5 51. Bd1 Bd8 52. Bc2 Kc6 53. Bd1 Bb6 54. Bc2 Ba7 55. Bd1 Bb6 1/2-1/2

[Event "Girona op 2nd"]
[Site "Girona"]
[Date "2011.07.20"]
[Round "7"]
[White "Huici Bentue, David"]
[Black "Subirana Bonet, Daniel"]
[Result "0-1"]
[WhiteElo "2079"]
[BlackElo "2007"]
[PlyCount "66"]
[EventDate "2011.07.14"]
[EventType "swiss"]
[EventRounds "9"]
[EventCountry "ESP"]
[SourceTitle "CBM 143 Extra"]
[Source "ChessBase"]
[SourceDate "2011.08.29"]
[SourceVersion "1"]
[SourceVersionDate "2011.08.29"]
[SourceQuality "1"]

1. e4 e5 2. Nf3 Nc6 3. d4 exd4 4. Nxd4 Nge7 5. Be3 Nxd4 6. Qxd4 Nc6 7. Qd2 Bb4 8. c3 Be7 9. Be2 0-0 10. 0-0 d6 11. Na3 f5 12. exf5 Bxf5 13. Bd3 Bxd3 14. Qxd3 Bf6 15. Nb5 Qd7 16. h3 Qf7 17. Qc2 a6 18. Nd4 Nxd4 19. cxd4 c6 20. a3 Rae8 21. Rab1 Re7 22. b4 Rfe8 23. a4 Re4 24. Rfc1 d5 25. b5 cxb5 26. axb5 Bg5 27. bxa6 Bxe3 28. Rxb7 Bf4 29. f3 R4e7 30. Rcb1 Qe6 31. Rxe7 Qxe7 32. Qc5 Qe3+ 33. Kf1 Bg3 0-1

[Event "Girona op 2nd"]
[Site "Girona"]
[Date "2011.07.18"]
[Round "5"]
[White "Subirana Bonet, Daniel"]
[Black "Mas Recorda, Pere"]
[Result "1-0"]
[WhiteElo "2007"]
[BlackElo "2063"]
[PlyCount "43"]
[EventDate "2011.07.14"]
[EventType "swiss"]
[EventRounds "9"]
[EventCountry "ESP"]
[SourceTitle "CBM 143 Extra"]
[Source "ChessBase"]
[SourceDate "2011.08.29"]
[SourceVersion "1"]
[SourceVersionDate "2011.08.29"]
[SourceQuality "1"]

1. e4 e6 2. d4 d5 3. Nc3 dxe4 4. Nxe4 Nd7 5. g3 Ngf6 6. Nxf6+ Nxf6 7. Bg2 c5 8. Ne2 Be7 9. 0-0 0-0 10. c4 Qb6 11. Qb3 Qc7 12. Bf4 Bd6 13. Bxd6 Qxd6 14. Rfd1 Rb8 15. Qa3 Qc7 16. dxc5 a6 17. b4 Bd7 18. Rd6 Rfc8 19. Rad1 Be8 20. Qd3 Bc6 21. Bxc6 bxc6 22. Nd4 1-0